| 000 | 00000nam 2200000za 4500 |
| 001 | 9.643568 |
| 003 | CaOODSP |
| 005 | 20210624224228 |
| 007 | cr ||||||||||| |
| 008 | 150407|1966||||xxc|||||o f|0| 0 fre d |
| 040 | |aCaOODSP|bfre |
| 043 | |an-cn--- |
| 086 | 1 |aCP32-95/1966F-PDF |
| 086 | 1 |aZ1-1964/4F-PDF |
| 110 | 1 |aCanada.|bConseil privé. |
| 245 | 10|aRapport de la Commission d'enquête sur l'avenir de la base de révision d'Air Canada à l'aéroport international de Winnipeg et sur les questions connexes, instituée par le décret du conseil C.P. 1964-857, en date du 11 juin 1965 |h[ressource électronique] |
| 260 | |aOttawa : |bConseil privé, |c1966. |
| 590 | |a14-17-Supp|b2014-10-09 |
| 691 | 07|aAviation civile|2gcpds |
| 775 | 08|tReport of Commission of Inquiry as to the Future of the Air Canada Overhaul Base at Winnipeg International Airport, and related matters, established under Order in Council P.C. 1964-857 of June 11, 1964 |w(CaOODSP)9.699582 |
| 856 | 40|ahttp://publications.gc.ca|qPDF|s11.46 Mo|uhttps://publications.gc.ca/collections/collection_2014/priv/CP32-95-1966-fra.pdf |